Sistema de Indicadores Sociales /
Gardado en:
| Formato: | Libro |
|---|---|
| Idioma: | Spanish |
| Publicado: |
San José, Costa Rica:
MIDEPLAN,
1985-
|
| Materias: | |
| Etiquetas: |
Engadir etiqueta
Sen Etiquetas, Sexa o primeiro en etiquetar este rexistro!
|
MARC
| LEADER | 00000nam a22000007a 4500 | ||
|---|---|---|---|
| 003 | cru CIDCACS/IIS | ||
| 005 | 20190923113310.0 | ||
| 007 | ta | ||
| 008 | 190923s1985 cr |||||r||||||0| ||spa|| | ||
| 999 | |c 42387 |d 42387 | ||
| 040 | |c cru CIDCACS/IIS | ||
| 090 | |a REV0455 | ||
| 245 | 0 | |a Sistema de Indicadores Sociales / |c MIDEPLAN | |
| 260 | |a San José, Costa Rica: |b MIDEPLAN, |c 1985- | ||
| 650 | 0 | |9 2165 |a CONDICIONES ECONOMICAS | |
| 650 | 0 | |9 5320 |a INDICADORES DEMOGRÁFICOS | |
| 650 | 0 | |9 944 |a EDUCACION | |
| 650 | 4 | |9 1845 |a SEGURIDAD SOCIAL | |
| 650 | 0 | |9 242 |a GASTOS PUBLICOS | |
| 650 | 0 | |9 2454 |a INDICADORES DE SALUD | |
| 650 | 0 | |9 2105 |a INDICADORES SOCIALES | |
| 650 | 0 | |9 861 |a VIVIENDA | |
| 942 | |2 ddc |c PP | ||
